000 00477nam a22001937a 4500
003 koha_MIRAKIL
005 20231213100258.0
008 231213b |||||||| |||| 00| 0 ||| d
020 _b978-6-05-441124-5
040 _aTR-IsEVY
_btur
_cTR-IsEVY
082 _a891.551 SAD
100 _aŞeyh Sadi Şirazi.
245 0 _aBostan
260 _bRavza Yayınları,
_c2010
300 _a312 s.
650 _aFars hikayeleri.
650 _aPersian stories.
942 _2ddc
_cBK
999 _c17399
_d17399